| 000 | 01135nab a22002177a 4500 | ||
|---|---|---|---|
| 999 |
_c6531 _d6531 |
||
| 003 | OSt | ||
| 005 | 20260223100244.0 | ||
| 008 | 190506c xxu||||| |||| 00| 0 spa d | ||
| 040 | _cPJ | ||
| 100 |
_97104 _aSánchez, María Verónica |
||
| 245 | 1 | 0 |
_aNuevas formas de impulsar la generación de empleo : _bempleos verdes. Futuro del trabajo / _cMaría Verónica Sánchez. |
| 260 |
_aBuenos Aires : _bAbeledoPerrot, _c2024. |
||
| 300 | _ap. 33-50 | ||
| 500 | _aCita: TR LALEY AR/DOC/52/2024. | ||
| 505 | _aSumario: I. Introducción.— II. Acuerdo de París.— III. Empleos verdes y transición justa.— IV. Alianza Page.— V. Profesiones verdes. Fuente de empleos verdes. Recursos renovables.— VI. Leyes nacionales en medio ambiente.— VII. Conclusión.— VIII. Bibliografía. | ||
| 505 | _t¿Te interesa el texto completo? Comunicate al correo: koha@justierradelfuego.gov.ar | ||
| 650 | 0 |
_91316 _aDERECHO LABORAL |
|
| 650 | 0 |
_94925 _aORGANIZACION INTERNACIONAL DEL TRABAJO |
|
| 773 | 0 |
_02751 _93202 _dBuenos Aires : AbeledoPerrot, 2013- _tRevista de derecho laboral y seguridad social. Nº 3 - Febrero 2024 |
|
| 942 |
_2udc _cANA |
||